[Event "Valencia-ch U18"]
[Site "Valencia"]
[Date "2012.04.12"]
[Round "3"]
[White "Toriijos Garcia, Borja"]
[Black "Fernandez Garcia, Olmo"]
[Result "0-1"]
[WhiteElo "1269"]
[BlackElo "1664"]
[PlyCount "56"]
[EventDate "2012.04.11"]
[EventType "swiss"]
[EventRounds "6"]
[EventCountry "ESP"]
[SourceTitle "CBM 147 Extra"]
[Source "ChessBase"]
[SourceDate "2012.04.24"]
[SourceVersion "1"]
[SourceVersionDate "2012.04.24"]
[SourceQuality "1"]

1. d4 d5 2. Nf3 Nf6 3. Bf4 c6 4. e3 Bf5 5. Nbd2 h6 6. c3 Qb6 7. Qb3 Nbd7 8. Qxb6 Nxb6 9. Be2 e6 10. 0-0 Be7 11. h3 g5 12. Be5 g4 13. Nh4 gxh3 14. g3 Nbd7 15. Nxf5 exf5 16. Bxf6 Nxf6 17. Kh2 Ng4+ 18. Kxh3 h5 19. Kg2 h4 20. Rh1 0-0-0 21. Nf3 hxg3 22. fxg3 Nxe3+ 23. Kf2 Ng4+ 24. Kg2 Rde8 25. Rxh8 Rxh8 26. Bd3 Kc7 27. Ne5 Rh2+ 28. Kf3 Rf2# 0-1